000 00464nam a2200133 4500
999 _c11454
_d11454
008 181204b ||||| |||| 00| 0 eng d
082 _aDPer 050 T48 Apr-June 2016 v. 187, n. 12-24
100 _932839
_aReilly, Katie.
245 _aIconic bonds:
_bhow our influencers influence each other/
_cKatie Reilly.
260 _aHong Kong;
_bTime Asia,
_cc2016.
300 _av187 n16-17, page 30:
_billustrations;
_c27 cm.
650 0 _932841
_aCelebrities.
942 _2ddc
_cPER